| 000 | 00465cam a2200205ua 4500 | ||
|---|---|---|---|
| 001 | 9884 | ||
| 005 | 20260515114534.0 | ||
| 008 | 161006n ii |||gr||||Z||||||asm | ||
| 020 | _a9788172131586 | ||
| 040 | _cMAIN | ||
| 041 | _aasm | ||
| 082 | _a891.4513 | ||
| 100 |
_aMalini, _eAuthor. |
||
| 245 |
_aJagyaseni _cBy Malini |
||
| 250 | _a3rd ed. | ||
| 260 |
_aGuwahati: _bPurbanchal prakash, _c2012. |
||
| 300 | _a96p. | ||
| 653 | _aAssamese novel | ||
| 942 | _cBK | ||
| 999 |
_c8886 _d8886 |
||